000 00874nam a2200241 i 4500
001 76290
003 ES-MaACL
005 20250327185829.0
007 t|
008 040930s1952 sp ||||1| spa d
100 1 _aGuerber, Roger.
_960452
245 1 0 _aPráctica del automóvil /
_cR. Guerber ; versión de la 2ª ed. francesa por Mario Giménez Ruiz.
260 _aBarcelona :
_bGustavo Gili,
_c1952
_f(E.P.S.)
300 _a332 p., 1 lám. :
_bil. ;
_c19 cm.
510 _aCCPB
_c000876275-9
650 4 _910435
_aAutomóviles
700 1 _aGiménez Ruiz, Mario.
_957063
852 _aES-MaACL
_jD-6262
_bR.32412
_bR.M.5857
_979159
_cSVI
_fSello en tinta azul de la Biblioteca del Ateneo de Madrid.
_gAnotación manuscrita en cubierta: "27"
942 _2udc
_cMONOGRAFIA
999 _c76290
_d76290